LEADER 01065nam0-2200373---450 001 990010062120403321 005 20180219121903.0 010 $a978-88-13-35299-8 035 $a001006212 035 $aFED01001006212 035 $a(Aleph)001006212FED01 035 $a001006212 100 $a20160412d2016----km-y0itay50------ba 101 0 $aita 102 $aIT 105 $ay-------001yy 200 1 $aCommentario breve alla riforma "Jobs Act"$fa cura di G.Zilio Grandi e M. Biasi 210 $aAssago$cWolters Kluver$aPadova$cCEDAM$d2016 215 $a818 p.$d24 cm 610 0 $aContratti di lavoro$aLegislazione 676 $a344.4501891$v22$zita 702 1$aGrandi,$bGaetano Zilio 702 1$aBiasi,$bMarco 801 0$aIT$bUNINA$gREICAT$2UNIMARC 901 $aBK 912 $a990010062120403321 952 $aX C 92$b860/2016$fFSPBC 952 $aA-II-276$fDDRC 952 $aVII Z 162$b2017/312$fFGBC 959 $aFSPBC 959 $aDDRC 959 $aFGBC 996 $aCommentario breve alla riforma Jobs act$91400127 997 $aUNINA LEADER 00930nas 2200289z 450 001 9910648592503321 005 20240405165941.0 035 $a(WsH)abasfml 035 $a(CKB)4920000002138800 035 $a(EXLCZ)994920000002138800 100 $a19890911b19591964 uy 101 0 $aeng 135 $auunuu|||uuuuu 181 $ctxt$2rdacontent 182 $cc$2rdamedia 183 $acr$2rdacarrier 200 00$aAmerican Bar Association. Section of Family Law. Summary of Proceedings 210 1$aChicago :$cAmerican Bar Center,$d1959-1964. 215 $a1 online resource (5 volumes) $cillustrations 517 0 $aSummary of proceedings :$eSection of Family Law. 606 $aDomestic relations$vPeriodicals 615 0$aDomestic relations 801 2$bCaNSHD 906 $aJOURNAL 912 $a9910648592503321 996 $aAmerican Bar Association. Section of Family Law. Summary of Proceedings$93028171 997 $aUNINA